KOHA-Header-6

React Interact Situations for Communication (Record no. 2782)

000 -LEADER
fixed length control field 00315nam a2200121Ia 4500
008 - FIXED-LENGTH DATA ELEMENTS--GENERAL INFORMATION
fixed length control field 190902s9999||||xx |||||||||||||| ||und||
020 ## - INTERNATIONAL STANDARD BOOK NUMBER
International Standard Book Number 1-55860-596-7
100 ## - MAIN ENTRY--PERSONAL NAME
Personal name Donald R. H. Byrd
245 #0 - TITLE STATEMENT
Title React Interact Situations for Communication
260 ## - PUBLICATION, DISTRIBUTION, ETC. (IMPRINT)
Place of publication, distribution, etc India
Name of publisher, distributor, etc The McGraw-Hill
Date of publication, distribution, etc 1991
300 ## - PHYSICAL DESCRIPTION
Extent 144
942 ## - ADDED ENTRY ELEMENTS (KOHA)
Koha item type Books
Holdings
Withdrawn status Lost status Damaged status Not for loan Collection code Permanent Location Current Location Shelving location Date acquired Total Checkouts Barcode Date last seen Date checked out Price effective from Koha item type
        English Literature MAJU MAJU Shelf No.A13 2019-09-02 1 6439 2023-05-08 2023-04-20 2019-09-02 English Literature

Powered by Koha